| 000 | 00902cad a22002055a 4500 | ||
|---|---|---|---|
| 001 | L151611 | ||
| 008 | 101123s2010 xxk f 000 0 eng d | ||
| 035 | _a(Sirsi) u151611 | ||
| 041 | 0 | _aeng | |
| 050 | 0 | 4 | _a343.4107869 $2 18 |
| 110 | 2 | _aFreshfields Bruckhaus Deringer LLP | |
| 245 | 0 | 0 |
_aBriefing _bcontractor claims in a changing economic climate _h[electronic resource] |
| 260 |
_a[S.l.] _bFreshfields Bruckhaus Deringer LLP _c2010 |
||
| 520 | _aConsiders claims for relief under the FIDIC 1999 suite of contracts; claims for relief in common law jurisdictions; claims for relief in the Middle East. | ||
| 590 | _aKA NTK | ||
| 651 | 4 | _aInternational | |
| 690 | _aBUILT ENVIRONMENT-BUILDING CONTRACT FORMS-STANDARD FORMS OF BUILDING CONTRACT | ||
| 856 | 4 | 0 |
_uhttps://www.freshfields.com/publications/pdfs/2010/nov10/29169.pdf _zView the item free of charge at www.freshfields.com |
| 942 | _n0 | ||
| 999 |
_c111481 _d111481 |
||